| 000 | 00971nam a22002417a 4500 | ||
|---|---|---|---|
| 999 |
_c21667 _d21667 |
||
| 003 | AR-CdUCM | ||
| 008 | 190319b ||||| |||| 00| 0 spa d | ||
| 020 | _a9786071513120 | ||
| 040 |
_aMUNICIPALIDAD PROVINCIAL DEL CUSCO _cBIBLIOTECA MUNICIPAL DEL CUSCO |
||
| 082 |
_a658.15/B82 _bB82 _2undécima |
||
| 100 |
_aBrealey, Richard A _945727 |
||
| 245 |
_aPrincipios de finanzas corporativas / _cBrealey, Richard A., Myers, Stewart C., Allen, Franklin ; coordinadora traducción, Luisa Nieto Soria ; traductores, Ma. Angeles Fernández Izquierdo, Vicente Aragó Manzana. |
||
| 260 |
_aMéxico ; _bMcGraw-Hill, _c2015. |
||
| 300 |
_a926 Páginas. : _bilustraciones ; _c27 cm. |
||
| 500 | _aTraducción de: Principles of corporate finance | ||
| 650 |
_aAdministración financiera _928979 |
||
| 650 |
_aCorporaciones _945728 |
||
| 650 |
_aFinanzas _94496 |
||
| 700 |
_aMyers, Stewart C _945729 |
||
| 700 |
_aAllen, Franklin _945730 |
||
| 942 |
_2ddc _cLIBROS |
||
| 945 | _aRoel | ||